| 000 | 00895nam a22002177a 4500 | ||
|---|---|---|---|
| 999 |
_c2525 _d2525 |
||
| 003 | AR-CdUCM | ||
| 008 | 190304b ||||| |||| 00| 0 spa d | ||
| 020 | _a84 344 0609 8 | ||
| 040 |
_aMUNICIPALIDAD PROVINCIAL DEL CUSCO _cBIBLIOTECA MUNICIPAL DEL CUSCO |
||
| 082 |
_a349.724 / _bR36 |
||
| 100 |
_aReina, Víctor _98956 |
||
| 245 |
_aEl consentimiento matrimonial : _bsus anomalías y vicios como causas de nulidad / |
||
| 260 |
_aBarcelona : _bAriel, _c1981. |
||
| 300 |
_a227 páginas ; _c21 cm. |
||
| 505 | _aContenido: El consentimiento en el sistema matrimonial canónico -- Naturaleza del consentimiento matrimonial -- Requisitos del consentimiento -- Carencia de consentimiento ... | ||
| 650 |
_aMatrimonio (Derecho eclesiástico) _98957 |
||
| 650 |
_aAnulación (Derecho eclesiástico) _98958 |
||
| 650 |
_aConsentimiento matrimonial _98959 |
||
| 942 |
_2ddc _cLIBROS |
||
| 945 | _azta | ||